| 000 | 00510nam a22001817a 4500 | ||
|---|---|---|---|
| 001 | 48764 | ||
| 003 | OSt | ||
| 005 | 20250113115654.0 | ||
| 008 | 250113b |||||||| |||| 00| 0 eng d | ||
| 020 | _a9781591811732 | ||
| 040 | _cDDC | ||
| 082 | _a616.99'4630092 | ||
| 245 |
_aMe My cells and I _bA survivor's seriously funny guide to the science of cancer _cDave Ames |
||
| 260 |
_aBoulder CO _bSentient Publications _c2011 |
||
| 300 |
_avi,312p. _bIncludes index _c9cm |
||
| 500 | _aindex | ||
| 942 |
_2ddc _cCIRC |
||
| 999 |
_c20267 _d20265 |
||